Catálogo
 En Linea

Los retoños de la aurora / (Registro nro. 11070)

Detalles MARC
000 -CABECERA
campo de control de longitud fija 01388nam a2200241 a 4500
001 - NÚMERO DE CONTROL
campo de control 000011363
005 - FECHA Y HORA DE LA ÚLTIMA TRANSACCIÓN
campo de control 20240412074225.0
008 - DATOS DE LONGITUD FIJA--INFORMACIÓN GENERAL
campo de control de longitud fija 091016s2006 dr r 000 p spa d
020 ## - NÚMERO INTERNACIONAL ESTÁNDAR DEL LIBRO
Número Internacional Estándar del Libro 9945160567
040 ## - FUENTE DE LA CATALOGACIÓN
Centro catalogador/agencia de origen DO-SdBNP
Lengua de catalogación spa
Centro/agencia transcriptor BNPHU
082 ## - NÚMERO DE LA CLASIFICACIÓN DECIMAL DEWEY
Número de clasificación RD861.508
Número de documento/Ítem R438a
245 04 - MENCIÓN DE TÍTULO
Título Los retoños de la aurora /
Mención de responsabilidad, etc. compilador J. Estévez Aristy ; presentación José Reyes.
260 ## - PUBLICACIÓN, DISTRIBUCIÓN, ETC.
Lugar de publicación, distribución, etc. Santo Domingo :
Nombre del editor, distribuidor, etc. Búho,
Fecha de publicación, distribución, etc. 2006.
300 ## - DESCRIPCIÓN FÍSICA
Extensión 126 p. :
Otras características físicas il. ;
Dimensiones 22 cm.
505 0# - NOTA DE CONTENIDO CON FORMATO
Información miscelánea Palabras de apertura /
Mención de responsabilidad Isael Pérez --
Título Prólogo /
Información miscelánea J. Estévez Aristy --
Título Presentación /
Mención de responsabilidad José Reyes --
-- Adela Germán --
-- Romina Bayo --
-- Marielys Duluc Reyna --
-- Víctor Manuel Zorrilla --
-- Bertha C. Martínez --
-- Karelyn Dyer José --
-- Bienvenido Jiménez Sánchez (Niño) --
-- Carolina Estefany Silvestre Rondón --
-- Peter --
-- Jeter --
-- Eulogio Jiménez Germán --
-- Luis Antonio Villanueva --
-- Olga Carmen Hernández Nieves --
-- Reynaldo Alberto Berroa --
-- Olga Carmen Justiniano Díaz --
-- Pedro Henríquez Severino.
586 ## - NOTA DE PREMIOS
Nota de premios Primer concurso de poesía "Juan Bosch", 2005 -2006, Auspiciado por el Ayuntamiento municipal de La Romana.
590 ## - NOTA LOCAL (RLIN)
Nota local Inventariado, 2019/BT
650 #4 - PUNTO DE ACCESO ADICIONAL DE MATERIA--TÉRMINO DE MATERIA
Término de materia o nombre geográfico como elemento de entrada Poesía dominicana
Subdivisión general Colecciones
9 (RLIN) 351
650 #0 - PUNTO DE ACCESO ADICIONAL DE MATERIA--TÉRMINO DE MATERIA
Término de materia o nombre geográfico como elemento de entrada Literatura dominicana.
9 (RLIN) 67
700 1# - PUNTO DE ACCESO ADICIONAL--NOMBRE DE PERSONA
Nombre de persona Aristy, Estévez,
Término indicativo de función/relación comp.
9 (RLIN) 26979
700 1# - PUNTO DE ACCESO ADICIONAL--NOMBRE DE PERSONA
Nombre de persona Reyes José,
Término indicativo de función/relación present.
9 (RLIN) 26980
910 ## - DATOS DE OPCIÓN DEL USUARIO (OCLC)
Datos de opción del usuario Validado. Control de calidad. EMS
Existencias
Estado de retiro Estado de pérdida Restricciones de uso No para préstamo Código de colección Localización permanente Ubicación/localización actual Ubicación en estantería Fecha de adquisición Número de inventario Total de préstamos Signatura topográfica completa Código de barras Fecha visto por última vez Número de copia Precio válido a partir de Tipo de ítem Koha
        Dominicana de Servicio General General Depósito 16.10.2009 LF1   RD861.508 R438a 11363-30 25.06.2020 e. 3 25.06.2020 Libro y Folleto Colección Dominicana de Servicio
        Dominicana de Servicio General General Depósito 20.03.2018 LF1   RD861.508 R438a 11363-40 25.06.2020 e. 4 25.06.2020 Libro y Folleto Colección Dominicana de Servicio
      Excluido de préstamo Patrimonio Dominicano Patrimonio Dominicano Patrimonio Dominicano Depósito 16.10.2009 LF1   RD861.508 R438a 11363-10 25.06.2020   25.06.2020 Libro y Folleto Colección Patrimonio Dominicano
      Excluido de préstamo Patrimonio Dominicano Patrimonio Dominicano Patrimonio Dominicano Depósito 16.10.2009 LF1   RD861.508 R438a 11363-20 25.06.2020 e. 2 25.06.2020 Libro y Folleto Colección Patrimonio Dominicano

Con tecnología Koha